00342nam a2200109Ia 450000100070000000500170000700800410002424500500006526000100011599900190012595200880014464500320250826153615.0250824s9999 xx 000 0 und d 0aRuby Rogers Bu Hiç Adil DeğilcSue Limb bALTIN c645003d645003 00104070a1005b1005d2025-08-24l0p1005103r2025-08-26 15:36:15w2025-08-26yBK